000
00275nam a22001097a 4500
082
_a
621.3 HOW'P
100
_a
HOWATSON, A. M ,LUND, P. G
_9
57279
245
_a
PRICIPLES OF HEAVY CURRENT ENGINEERNG
260
_a
LONDON
_b
CHAPMAN & HALL
_c
1974
300
_a
115P
942
_c
BK
999
_c
567575
_d
567575